000 00461cam a2200193ua 4500
001 9547
008 160203n ii |||gr||||Z||||||eng
020 _a9781259026829
040 _cMAIN
041 _aeng
082 _a658.3
100 _aAswathappa,K,
_eAuthor.
245 _aHuman resource management
_cby K Aswathappa
250 _a6th rep.
260 _aNew Delhi:
_bMcGraw Hill,
_c2015.
300 _a874p.
653 _aGeneral management
942 _cBK
999 _c8579
_d8579